| 000 | 01114cam a2200337 a 4500 | ||
|---|---|---|---|
| 001 | 5579 | ||
| 003 | FISKH | ||
| 005 | 20250403105739.0 | ||
| 008 | 070522s2008 nyua a 000 1 eng | ||
| 010 | _a 2007929409 | ||
| 020 | _a9780060835453 (pbk. bdg.) | ||
| 020 | _a9780060835460 (trade bdg.) | ||
| 040 |
_aDLC _cDLC _beng |
||
| 050 | _a246 | ||
| 082 | _aPZ7.M462 | ||
| 100 | 1 |
_aMayer, Mercer, _d1943- |
|
| 245 | 1 | 0 |
_aGoing to the firehouse / _cby Mercer Mayer. |
| 250 | _aFirst Scholastic printing, October 2011 | ||
| 260 |
_aNew York : _bScholastic, _c2008. |
||
| 300 |
_a32 pages : _bcolor illustrations ; _c23 cm |
||
| 490 | 0 | _aI can read! My first shared reading | |
| 505 | _aF | ||
| 520 | _a"Little Critter and his classmates are taking a trip to the firehouse--join Little Critter as he learns to stop, drop, and roll with Fireman Joe!"--Cover back. | ||
| 521 |
_a310
_bLexile |
||
| 521 |
_aF
_bRaz-Plus |
||
| 650 | 1 |
_aFire fighters _vFiction. |
|
| 650 | 1 |
_aAnimals _vFiction. |
|
| 906 |
_a7 _bcbc _corignew _d2 _eepcn _f20 _gy-gencatlg |
||
| 942 |
_2ddc _cBK _n0 |
||
| 999 |
_c5579 _d5579 |
||